| 000 | 00762cab a2200241 4500 | ||
|---|---|---|---|
| 001 | ABS49481 | ||
| 008 | 090401t1993 xxu||||| |||| 00| 0 eng d | ||
| 035 | _a(Sirsi) u71507 | ||
| 041 | _aeng | ||
| 100 | _aBrett, M. | ||
| 245 | _aAsset values and profits | ||
| 260 | _c1993 | ||
| 350 | _a0 | ||
| 490 |
_aEstates Gazette _v(9342) 23 October 1993, 54(1) |
||
| 520 | _aDiscusses the interpretation of `property` as the `current assets` of a property company and how changes in the value of that property can affect the company`s profits. | ||
| 650 | _aACCOUNTING STANDARDS | ||
| 650 | _aASSET VALUATION | ||
| 650 | _aPROPERTY COMPANIES | ||
| 650 | _aVALUE | ||
| 690 | _aPROPERTY-PROPERTY FINANCE AND INVESTMENT | ||
| 942 | _n0 | ||
| 948 | _c04/03/1997 | ||
| 999 |
_c45089 _d45089 |
||